New economic recovery programme: interim national development plan July, 1987 - December, 1988 (Record no. 78769)

MARC details
000 -LEADER
fixed length control field 00981nam a2200169 a 4500
008 - FIXED-LENGTH DATA ELEMENTS--GENERAL INFORMATION
fixed length control field 090708s1987 ||||||||||||||||| || u
050 ## - LIBRARY OF CONGRESS CALL NUMBER
Classification number GOV.ZAM(058)INDP/1987A
110 ## - MAIN ENTRY--CORPORATE NAME
Corporate name or jurisdiction name as entry element Government of the Republic of Zambia (GRZ)
245 10 - TITLE STATEMENT
Title New economic recovery programme: interim national development plan July, 1987 - December, 1988
Statement of responsibility, etc. By the Office of the President. National Commission for Development Planning
260 ## - PUBLICATION, DISTRIBUTION, ETC.
Place of publication, distribution, etc. Lusaka
Name of publisher, distributor, etc. National Commission for Development Planning (NCDP)
Date of publication, distribution, etc. 1987
300 ## - PHYSICAL DESCRIPTION
Extent iii, 69p.: ill.
350 ## -
-- 0.00
650 #0 - SUBJECT ADDED ENTRY--TOPICAL TERM
Topical term or geographic name entry element ECONOMIC DEVELOPMENT--ZAMBIA
710 ## - ADDED ENTRY--CORPORATE NAME
Corporate name or jurisdiction name as entry element National Commission for Development Planning (NCDP)
995 ## -
-- SPECIAL COLLECTIONS
-- 0.00
-- 03004341
-- CBU-MAIN LIBRARY (Kitwe)
-- 1
-- 0.00
-- GOV.ZAM(058)INDP/1987A
-- 1
-- AVAILABLE
-- Jul 8, 2009
-- 03004341
-- Zambiana Collection
995 ## -
-- SPECIAL COLLECTIONS
-- 0.00
-- 03004342
-- CBU-MAIN LIBRARY (Kitwe)
-- 1
-- 0.00
-- GOV.ZAM(058)INDP/1987B
-- 2
-- AVAILABLE
-- Jul 8, 2009
-- 03004342
-- Zambiana Collection
999 ## -
-- 78769
-- 78769
Holdings
Withdrawn status Lost status Source of classification or shelving scheme Damaged status Not for loan Permanent Location Current Location Shelving location Date acquired Total Checkouts Full call number Barcode Date last seen Copy number Price effective from Koha item type
          CBU-MAIN LIBRARY, KITWE. CBU-MAIN LIBRARY, KITWE.   06/06/2023   GOV.ZAM(058)INDP/1987A 03004341 06/06/2023 1 06/06/2023 SPECIAL COLLECTION
          CBU-MAIN LIBRARY, KITWE. CBU-MAIN LIBRARY, KITWE.   06/06/2023   GOV.ZAM(058)INDP/1987B 03004342 06/06/2023 2 06/06/2023 SPECIAL COLLECTION